| 000 | 00690nam a2200241Ia 4500 | ||
|---|---|---|---|
| 003 | GCL | ||
| 008 | 140319s9999 xx 000 0 ara d | ||
| 040 |
_aGCL / _cGCL |
||
| 082 | 0 | 4 |
_a414 _bا م |
| 100 | 1 | _aابوعبيدة معمر بن المثنى | |
| 245 | 1 | 0 |
_aمجاز القرأن / _cابوعبيدة معمر بن المثنى |
| 700 | 1 | _aمحمد فؤاد سركين | |
| 260 |
_a[S.N] : _bمكتبة الخانجى |
||
| 300 | _a416 ص | ||
| 490 | _a | ||
| 650 | 0 | 4 | _aالالفاظ |
| 650 | 0 | 4 | _aالبلاغة العربية |
| 650 | 0 | 4 | _aغريب الحديث |
| 650 | 0 | 4 | _aالمجاز |
| 650 | 0 | 4 | _aالتفسير |
| 650 | 0 | 4 | _aالقران |
| 942 |
_2ddc _cBK |
||
| 999 |
_c36778 _d36778 |
||